000
00212 a2200097 4500
001
13863
100
_a
Willey B
245
_a
The Seventeen Century
260
_a
London
_b
Chatto & Windus
_c
090
_c
10835
_d
10835
942
_a
NUST-CAE
_c
M
_c
931
999
_c
248936
_d
248936